Normal view
MARC view
- علم المكتبات -التصنيف العملي
Entry Topical Term
001 - CONTROL NUMBER
- control field: 16887
003 - CONTROL NUMBER IDENTIFIER
- control field: JO-AjAnu
005 - DATE AND TIME OF LATEST TRANSACTION
- control field: 20230606073007.0
008 - FIXED-LENGTH DATA ELEMENTS
- fixed length control field: 230606|| aca||aabn | a|a d
040 ## - CATALOGING SOURCE
- Original cataloging agency: JO-AjAnu
- Transcribing agency: JO-AjAnu
150 ## - HEADING--TOPICAL TERM
- Topical term or geographic name entry element: علم المكتبات -التصنيف العملي
670 ## - SOURCE DATA FOUND
- Source citation: Work cat.: (JO-AjAnu)8671: البهاوي ، محمد امين , author 16886, علم المكتبات التصنيف العملي